Střípky z historie chilské centrální banky Banco de Chile

História a súčasnosť centrálnej banky Banco Central de Chile.

Salvato in:
Dettagli Bibliografici
Autore principale: Kalabis, Zbyněk
Natura: Capitolo di libro
Lingua:ceco
Soggetti:
Tags: Aggiungi Tag
Nessun Tag, puoi essere il primo ad aggiungerne!!

MARC

LEADER 00000naa a2200000 4500
001 0252832
005 20190404094822.3
041 0 |a cze 
044 |a CZ 
245 1 0 |a Střípky z historie chilské centrální banky Banco de Chile  |c Zbyněk Kalabis 
520 |a História a súčasnosť centrálnej banky Banco Central de Chile. 
610 2 0 |a banky centrálne 
610 2 0 |a Čile 
610 2 0 |a sektor finančný 
610 2 0 |a peso 
610 2 0 |a politika menová 
100 1 |a Kalabis, Zbyněk